00921nam a2200229 a 450000100100000000500170001000800410002702000150006804000250008304100380010808200140014610000360016024000530019624501230024926000480037230000330042053400610045370000330051404900090054795201180055699900170067400002367020200930022403.0101217s1985 ag a r 000 0 spa d a0030570018 aDO-SdBNPbspacBNPHU17aspaheng2Código de idioma MARC aNNNbK92u1 aKrenz, Jerrold H.d1934-94876610aEnergy, from opulence to sufficiencylEspañol.10aUso racional de la energía :bEl gran desafío contemporáneo /cJerrold H. Krenz ; traducido por José Clementi. aBuenos Aires, Argentina :bAragón,c1985. a287, [1] p. :bil. ;c20 cm. aTítulo original:tEnergy, from opulence to sufficiency1 aClementi, Joséetr.941126 aBNGR 001054708MOaGRbGRcCTd2010-12-17iLF1l0oNNN K92up23670-10r2020-06-25w2020-06-25y4ZPréstamo en sala c23166d23166